Obálka Náhled e-knihy:
PDF Epub
Pro půjčování e-knih musíte být přihlášeni.
Jak si půjčit online?

Ema a její kouzelná zoo. Divoký vlček /

Příběh o holčičce Emě, která s maminkou bydlí v ZOO a rozumí řeči zvířat.

Uloženo v:
Série:Ema a její kouzelná zoo, část 15
Hlavní autor: Cobb, Amelia (Autor)
Další autoři: Brožová, Eva (Autor), Williams, Sophy (Překladatel)
Médium: E-kniha
Jazyk:Czech
Vydáno: V Praze : Fragment, 2024
Vydání:1. vydání
Témata:
Příbuzné jednotky:Z cyklu:: Ema a její kouzelná zoo
Tagy:
Žádné tagy
LEADER 02563nam a2200517 i 4500
001 312425
003 CZ PrSKC
005 20260601215722.0
007 ta
008 240613s2024 xr a b 000 j cze
015 |a cnb003611336 
020 |a 9788025367773  |q (vázáno) :  |c Kč 229,00 
035 |a (OCoLC)1451768309 
040 |a ABG001  |b cze  |d ABA001  |e rda 
041 1 |a cze  |h eng 
072 7 |a 821.111-3  |x Anglická próza, anglicky psaná  |2 Konspekt 
072 7 |a 821-93  |x Literatura pro děti a mládež (beletrie)  |2 Konspekt 
080 |a 821.111-32  |2 MRF 
080 |a 821-93  |2 MRF 
080 |a (0:82-32)  |2 MRF 
100 1 |a Cobb, Amelia  |7 xx0217911  |4 aut 
240 1 0 |a Wild wolf pup.  |l Česky 
245 1 0 |a Ema a její kouzelná zoo.  |p Divoký vlček /  |c Amelia Cobb ; z anglického originálu Zoe's rescue zoo - The wild wolf pup přeložila Eva Brožová 
246 3 0 |a Divoký vlček 
250 |a 1. vydání 
264 1 |a V Praze :  |b Fragment,  |c 2024 
300 |a 99 stran :  |b ilustrace ;  |c 20 cm 
336 |a text  |b txt  |2 rdacontent 
337 |a bez média  |b n  |2 rdamedia 
338 |a svazek  |b nc  |2 rdacarrier 
520 2 |a Příběh o holčičce Emě, která s maminkou bydlí v ZOO a rozumí řeči zvířat.  |b Pár dní před Halloweenem přiveze strýček Horác ze svých cest roztomilé vlčí štěně. Ema by si přála, aby se mu v zoo líbilo, ale zatím se jí to moc nedaří. Vlček pořád vyje a ona neví, jestli je smutný, bojí se, nebo je za tím něco horšího. Dokáže Ema přijít na to, co šedivého chlupáče trápí? Nakladatelská anotace. 
521 8 |a Pro čtenáře od 7 let 
655 7 |a anglické příběhy  |7 fd131813  |2 czenas 
655 7 |a publikace pro děti  |7 fd133156  |2 czenas 
655 9 |a English stories  |2 eczenas 
655 9 |a children's literature  |2 eczenas 
700 1 |a Brožová, Eva  |7 jn20010309864  |4 trl 
700 1 |a Williams, Sophy  |7 xx0032999  |4 ill 
765 1 |t Zoe's rescue zoo 
787 0 8 |i Z cyklu:  |t Ema a její kouzelná zoo  |g 15 
900 |a ABA001  |b 21 
928 9 |a Albatros Media - Fragment 
044 |a xr 
910 |a RBIT002 
998 |d 406385  |a https://core.palmknihy.cz/api/books/406385/cover?sh9ddd  |b https://core.palmknihy.cz/api/books/406385/cover/400?sh9ddd  |c https://core.palmknihy.cz/api/books/406385/cover/50?sh9ddd  |e 2031-05-02  |g 104  |i 9788025367773  |j https://core.palmknihy.cz/api/books/406385/preview.epub  |k https://core.palmknihy.cz/api/books/406385/preview.pdf  |l   |q 49  |r 1  |s https://www.palmknihy.cz/kniha/406385  |t ebook  |y 2024  |z 0  |v Ema a její kouzelná zoo  |w 0 
999 |d 312423